Campesinos
Guardado en:
| 主要作者: | |
|---|---|
| 格式: | Texto |
| 出版: |
San José:
ASEPROLA. CEDECO
|
| 標簽: |
添加標簽
沒有標簽, 成為第一個標記此記錄!
|
MARC
| LEADER | 00000 a a2200000 04500 | ||
|---|---|---|---|
| 001 | 23194 | ||
| 003 | |||
| 040 | |a CRAI/IIS |c CRAI/IIS | ||
| 090 | |a 160300 | ||
| 100 | |a Ugalde Ch., Héctor | ||
| 245 | |a Campesinos | ||
| 260 | |a San José: |b ASEPROLA. CEDECO | ||
| 300 | |a 41 p. | ||
| 999 | |c 7303 |d 7303 | ||
